00443cam a22001217a 4500008004000000082001300040100010900053245001600162260005900178300001000237650005000247650002400297180718b1991 xxu||||| |||| 00| 0 eng d aT39 R312 aColloquium on Foreign Trade, GATT and Third World Development (July 27-28, 1991: Senate Hall, Bangalore) aProceedings aNew DelhibNational Working Group on Patent Lawsc1991 a194p. aGeneral Agreements on Tariff and Trade (GATT) aInternational trade